00634nam a22001697a 4500003000500000038001800005082000800023100002500031245012400056264003300180690002700213700004900240856005700289942001200346999001900358952008700377NUST aNusrat Nadeem a200 aMalik, Maria9132695 aFinancial Development and Technical Efficiency in Transitional Economies: Evidence from BLEND Countries/cMaria Malik,  aIslamabad:bS3H NUST.c2025. aMS- Economics 9123068 aSupervisor: Dr. Muhammad Irfan Malik9129096 uhttp://10.250.8.41:8080/xmlui/handle/123456789/57076 2ddccSC c615765d615765 00104070aCLbCLcTHEd2026-01-02l0o200pCL-T-7745r2026-01-02w2026-01-02ySC